书目信息 |
| 题名: |
风韵之美
|
|
| 作者: | 刘丽容 著 | |
| 分册: | ||
| 出版信息: | 北京 世界图书出版公司北京公司 2000 |
|
| 页数: | 305页 | |
| 开本: | 20cm | |
| 丛书名: | 21世纪生活情报源丛书 | |
| 单 册: | ||
| 中图分类: | B834.3 , R173 , R17 | |
| 科图分类: | ||
| 主题词: | 女性--社会生活美 , 妇女保健学 , 女性 , 社会生活美 , 妇幼卫生 | |
| 电子资源: | ||
| ISBN: | 7-5062-4589-2 | |
| 000 | 01063oam2 2200337 450 | |
| 001 | 1574283994 | |
| 005 | 20150129203911.00 | |
| 010 | @a7-5062-4589-2@dCNY18.00 | |
| 100 | @a20010529d2000 em y0chiy0110 ea | |
| 101 | 0 | @achi |
| 102 | @aCN@b110000 | |
| 105 | @ay z 000yy | |
| 200 | 1 | @a风韵之美@9feng yun zhi mei@f刘丽容等著 |
| 210 | @a北京@c世界图书出版公司北京公司@d2000 | |
| 215 | @a305页@d20cm | |
| 225 | 2 | @a21世纪生活情报源丛书 |
| 300 | @a台湾远流出版公司荣誉推荐 | |
| 305 | @a台湾远流出版事业股份有限公司授权出版 | |
| 330 | @a本书讲授女性在新世纪的生活态度、形态及方式、技巧等。例如穿衣的哲学、风格与流行、盛年妇女的保健及营养等,特别着重提出了女性心理与婚姻、家庭、社会关系等方面的问题及解决方案。 | |
| 461 | 0 | @12001 @a21世纪生活情报源丛书 |
| 606 | 0 | @a女性@x社会生活美 |
| 606 | 0 | @a妇女保健学 |
| 606 | 0 | @a女性 |
| 606 | 0 | @a社会生活美 |
| 606 | 0 | @a妇幼卫生 |
| 690 | @aB834.3@v5 | |
| 690 | @aR173@v5 | |
| 690 | @aR17@v4 | |
| 701 | 0 | @a刘丽容@9liu li rong@4著 |
| 801 | 0 | @aCN@bTSSF@c20150129 |
| 905 | @aZUCC@dR17@eJY192 | |
| 风韵之美/刘丽容等著.-北京:世界图书出版公司北京公司,2000 |
| 305页;20cm.-(21世纪生活情报源丛书) |
| 台湾远流出版公司荣誉推荐 |
| ISBN 7-5062-4589-2:CNY18.00 |
| 本书讲授女性在新世纪的生活态度、形态及方式、技巧等。例如穿衣的哲学、风格与流行、盛年妇女的保健及营养等,特别着重提出了女性心理与婚姻、家庭、社会关系等方面的问题及解决方案。 |
| ● |
| 相关链接 |
|
|
|
|
正题名:风韵之美
索取号:R17/JY192
 
预约/预借
| 序号 | 登录号 | 条形码 | 馆藏地/架位号 | 状态 | 备注 |
| 1 | 7863331 | 278633310 | 学院路分馆/ [索取号:R17/JY192] | 在馆 | |
| 2 | 7863332 | 278633329 | 学院路分馆/ [索取号:R17/JY192] | 在馆 | |
| 3 | 7863333 | 278633338 | 学院路分馆/ [索取号:R17/JY192] | 在馆 |